• 首页
  • 本馆介绍
  • 公告通知
  • 最新文献
  • 馆藏检索
  • 电子资源
  • 读者导购
  • 参考咨询
  • 我的图书馆
  • 登录
  • 详细信息显示
  • 放入我的书架
  • 预约/预借图书
  • 作者相关作品
  • 分类相关作品
  • 丛书相关作品
  • 出版社相关作品

书目信息

  • 表格格式
  • 工作单格式
  • 卡片格式
题名:
个人策略与社会结构
    
 
作者: 扬 , Young 著 ;王勇 译
分册:  
出版信息: 上海   上海人民出版社  2004
页数: 236页
开本: 20cm
丛书名: 当代经济学系列丛书
单 册:
中图分类: F014.1
科图分类:
主题词: 对策论--应用--经济制度--研究 , 对策论 , 经济制度
电子资源:
ISBN: 7-208-05089-9
000 01202oam2 2200325 450
001 012007503743
005 20070516173051.45
010    @a7-208-05089-9@dCNY20.00
100    @a20070508d2004 km y0chiy0120 ea
101 1  @achi@ceng
102    @aCN@b310000
105    @ay z 000yy
106    @ar
200 1  @a个人策略与社会结构@Age ren ce lue yu she hui jie gou@e制度的演化理论@f(美)H·培顿·扬著@F(mei)H·pei dun·yang zhu@g王勇译@Gwang yong yi
210    @a上海@c上海人民出版社@d2004
215    @a236页@d20cm
225 2  @a当代经济学系列丛书@i当代经济学译库
330    @a本书在当代经济学的博弈论惯例和制度分析,及演化博弈论的研究领域内,力求为博弈理论的发展提出新的方向,并进行其理论如何应用于社会经济制度的明确说明。
461  0 @12001 @a当代经济学系列丛书
510 1  @aIndividual strategy and social structur@zeng
517 1  @a制度的演化理论@AZhi Du De Yan Hua Li Lun
606 0  @a对策论@x应用@x经济制度@x研究
606 0  @a对策论
606 0  @a经济制度
690    @aF014.1@v4
701  1 @c(美)@a扬@Ayang@bH·培顿@f(1945~)@4著
701  1 @c(美)@aYoung@bH. Peyton@f(1945~)@4著
702  0 @a王勇@Awang yong@4译
801  0 @aCN@bRULIN@c20070516
905    @dF014.1@e286@s5
    
    个人策略与社会结构:制度的演化理论/(美)H·培顿·扬著/王勇译.-上海:上海人民出版社,2004
    236页;20cm.-(当代经济学系列丛书.当代经济学译库)
    
    
    ISBN 7-208-05089-9:CNY20.00
    本书在当代经济学的博弈论惯例和制度分析,及演化博弈论的研究领域内,力求为博弈理论的发展提出新的方向,并进行其理论如何应用于社会经济制度的明确说明。
●
相关链接 在E读中查询图书 在五车中查询图书 在当当中查询图书 在豆瓣中查询图书


正题名:个人策略与社会结构     索取号:F014.1/286         预约/预借

序号 登录号 条形码 馆藏地/架位号 状态 备注
1 0572233   20572333   第一样本阅览室/ [索取号:F014.1/286] 在馆    
2 0572234   20572342   第一借阅区/ [索取号:F014.1/286] 在馆    
3 0572235   20572351   第一借阅区/ [索取号:F014.1/286] 在馆    
4 0572236   20572360   第一借阅区/ [索取号:F014.1/286] 在馆    
5 0572237   20572379   第一借阅区/ [索取号:F014.1/286] 在馆    
唐山师范学院图书馆 欢迎您!
大连网信软件有限公司© 版权所有